| 000 | 01117cam a22002894a 4500 | ||
|---|---|---|---|
| 001 | 13248358 | ||
| 003 | EG-ScBUE | ||
| 005 | 20221207113810.0 | ||
| 008 | 030623t2004 nyua f b 001 0 eng d | ||
| 020 | _a0393731219 | ||
| 020 | _a9780393731217 | ||
| 040 |
_aDLC _beng _erda _cDLC _dDLC _dEG-ScBUE |
||
| 082 | 0 | 4 |
_a725.2 _222 _bWIN |
| 245 | 0 | 0 |
_aWindow systems for high-performance buildings / _cJohn Carmody, [and four others] ; additional contributors, Carl Wagus [and six others] |
| 264 | 1 |
_aNew York ; _aLondon : _bW.W. Norton and Company, _c[2004] |
|
| 264 | 4 | _cc2004 | |
| 300 |
_a400 pages : _billustrations (some color) ; _c29 cm |
||
| 504 | _aIncludes bibliographical references and index. | ||
| 650 | 7 |
_aWindows. _2BUEsh _96771 |
|
| 650 | 7 |
_aCommercial buildings _vEquipment and supplies. _2BUEsh _96772 |
|
| 653 | _bENGARC | ||
| 655 | _vReading book | ||
| 700 | 1 |
_aCarmody, John, _eauthor. _96773 |
|
| 700 | 1 |
_aWagus, Carl R., _d1945- _econtributor. |
|
| 942 |
_2ddc _cBB |
||
| 999 |
_c11988 _d11988 |
||